आयुर्वेद का इतिहास (Record no. 116480)
[ view plain ]
| 000 -LEADER | |
|---|---|
| fixed length control field | 01075nam a2200253Ia 4500 |
| 003 - CONTROL NUMBER IDENTIFIER | |
| control field | OSt |
| 005 - DATE AND TIME OF LATEST TRANSACTION | |
| control field | 20220918111022.0 |
| 008 - FIXED-LENGTH DATA ELEMENTS--GENERAL INFORMATION | |
| fixed length control field | 220915b |||||||| |||| 00| 0 hin d |
| 037 ## - SOURCE OF ACQUISITION | |
| Terms of availability | Reference Collections |
| 040 ## - CATALOGING SOURCE | |
| Original cataloging agency | ARTS |
| Transcribing agency | ARTS |
| Language of cataloging | hin |
| 041 ## - LANGUAGE CODE | |
| Source of code | hin |
| Language code of text/sound track or separate title | hin |
| 100 ## - MAIN ENTRY--PERSONAL NAME | |
| Personal name | यादव, दीपक, प्रेमचन्द |
| 9 (RLIN) | 10455 |
| 245 #0 - TITLE STATEMENT | |
| Title | आयुर्वेद का इतिहास |
| 246 ## - VARYING FORM OF TITLE | |
| Title proper/short title | Āyurved kā itihāsa |
| 260 ## - PUBLICATION, DISTRIBUTION, ETC. | |
| Place of publication, distribution, etc. | वाराणसी |
| Name of publisher, distributor, etc. | चौखम्बा सुरभारती प्रकाशन भारत |
| Date of publication, distribution, etc. | 2008 |
| 490 ## - SERIES STATEMENT | |
| Series statement | चौखम्बा आयुर्विज्ञान ग्रन्थमाला; 90 |
| 942 ## - ADDED ENTRY ELEMENTS (KOHA) | |
| Classification part | LBv, 152P8.1-.2 (RR) |
| Koha item type | Reference |
| Withdrawn status | Lost status | Damaged status | Not for loan | Home library | Current library | Date acquired | Source of acquisition | Cost, normal purchase price | Total Checkouts | Full call number | Barcode | Date last seen | Cost, replacement price | Price effective from | Koha item type |
|---|---|---|---|---|---|---|---|---|---|---|---|---|---|---|---|
| Arts Library | Arts Library | 2022-09-18 | 1998/I, 21/01/2009, Vidyanidhi Prakashan | 1200.00 | LBv 152P8.1-.2 (RR) | AL1293500 | 2022-09-18 | 1200.00 | 2022-09-18 | Reference |
